BIOLOGY (Record no. 192291)
[ view plain ]
| 000 -LEADER | |
|---|---|
| fixed length control field | 00217nam a2200097Ia 4500 |
| 050 ## - LIBRARY OF CONGRESS CALL NUMBER | |
| Classification number | QH308.2.M33 C.1 |
| 100 ## - MAIN ENTRY--PERSONAL NAME | |
| Personal name | SYLVIA S. MADER |
| 245 #0 - TITLE STATEMENT | |
| Title | BIOLOGY |
| 942 ## - ADDED ENTRY ELEMENTS (KOHA) | |
| Koha item type | Long Loan Book |
| Withdrawn status | Lost status | Source of classification or shelving scheme | Damaged status | Not for loan | Collection | Home library | Current library | Shelving location | Inventory number | Total checkouts | Full call number | Barcode | Date last seen | Copy number | Koha item type |
|---|---|---|---|---|---|---|---|---|---|---|---|---|---|---|---|
| Library of Congress Classification | Science & Technology | Kisii University Library | Kisii University Library | On Display | 56331 | QH 308.2 .M33 2001 | 000000013608 | 09/15/2023 | C.1 | Long Loan Book |